[Event "Dutch Open 2013"]
[Site "Dieren NED"]
[Date "2013.07.29"]
[Round "6.3"]
[White "Akshat, Khamparia"]
[Black "Belkhodja, Slim"]
[Result "0-1"]
[WhiteTitle "IM"]
[BlackTitle "GM"]
[WhiteElo "2354"]
[BlackElo "2432"]
[WhiteFideId "5016541"]
[BlackFideId "600229"]
[EventDate "2012.07.23"]

1. d4 d6 2. c4 e5 3. Nf3 e4 4. Ng5 f5 5. Nc3 Be7 6. Nh3 Nf6 7. g3 O-O 8. d5 Nbd7
9. Bg2 Ne5 10. b3 c5 11. O-O Ne8 12. f3 exf3 13. exf3 Bf6 14. Qc2 Nc7 15. Bb2 a6
16. Nf2 b5 17. f4 Nf7 18. cxb5 axb5 19. a4 Bd7 20. Kh1 Rb8 21. a5 b4 22. Na4
Bxa4 23. Rxa4 Bxb2 24. Qxb2 Nb5 25. Re1 Nd4 26. a6 Ra8 27. Bf1 Re8 28. Raa1 Re7
29. Bc4 Kf8 30. Nd3 Rxe1+ 31. Rxe1 Qb6 32. Qf2 g6 33. Qe3 Kg7 34. Qe7 Ra7 35.
Qe8 Qa5 36. Re7 Rxe7 37. Qxe7 Qa2 38. Qe3 h5 39. Qf2 Qa1+ 40. Qe1 Qa2 41. Qd1
Qa5 42. Qd2 Nh6 43. h3 Ng8 44. Qe1 Kf7 45. Nf2 Nf6 46. g4 hxg4 47. hxg4 fxg4 48.
Ne4 Nxe4 49. Qxe4 Qa1+ 50. Kg2 Qa2+ 51. Kg3 Nf5+ 52. Kxg4 Qf2 53. Qxf5+ gxf5+
54. Kxf5 Qc2+ 55. Kg4 Kf6 0-1

[Event "Dutch Open 2013"]
[Site "Dieren NED"]
[Date "2013.07.29"]
[Round "6.4"]
[White "Wempe, Joost"]
[Black "Van Foreest, Jorden"]
[Result "1/2-1/2"]
[WhiteElo "2271"]
[BlackElo "2276"]
[WhiteFideId "1005502"]
[BlackFideId "1039784"]
[EventDate "2012.07.23"]

1. d4 Nf6 2. c4 e6 3. g3 d5 4. Nf3 Bb4+ 5. Bd2 Be7 6. Bg2 O-O 7. O-O c6 8. Qc2
Nbd7 9. Bf4 b6 10. cxd5 cxd5 11. Ne5 Nxe5 12. dxe5 Nd7 13. e4 d4 14. h4 Ba6 15.
Rd1 d3 16. Qd2 Rc8 17. Nc3 Bb4 18. Rac1 Nc5 19. Qe3 Qd7 20. Kh2 Na4 21. Nxa4
Qxa4 22. Bf3 Rxc1 23. Rxc1 Qxa2 24. Rc7 Bb5 25. Bh6 gxh6 26. Qxh6 Qxb2 27. Qg5+
Kh8 28. Qf6+ Kg8 29. Qg5+ 1/2-1/2

[Event "Dutch Open 2013"]
[Site "Dieren NED"]
[Date "2013.07.29"]
[Round "6.5"]
[White "Sethuraman, S.P."]
[Black "Hendriks, Willy"]
[Result "1-0"]
[WhiteTitle "GM"]
[BlackTitle "IM"]
[WhiteElo "2562"]
[BlackElo "2417"]
[WhiteFideId "5021596"]
[BlackFideId "1000713"]
[EventDate "2012.07.23"]

1. e4 c5 2. Nf3 e6 3. d4 cxd4 4. Nxd4 a6 5. Nc3 Ne7 6. Be3 Nbc6 7. Nb3 Ng6 8. f4
Be7 9. Qd2 d6 10. O-O-O b5 11. Kb1 Bb7 12. Qf2 Qc7 13. Bb6 Qb8 14. h4 Nf8 15.
Bxb5 axb5 16. Nxb5 Nd7 17. Bc7 Qc8 18. Nxd6+ Bxd6 19. Bxd6 Na5 20. Nxa5 Rxa5 21.
Qd4 Nf6 22. Rhe1 Qa8 23. a3 Bxe4 24. Qb4 Bc6 25. g4 Rd5 26. g5 Ne4 27. Rxd5 Bxd5
28. c4 Bc6 29. Be5 Qb7 30. Bxg7 Rg8 31. Bc3 Qxb4 32. axb4 Kd7 33. b5 Bb7 34.
Rd1+ Kc8 35. Be5 h5 36. gxh6 f6 37. Bd4 Kc7 38. f5 e5 39. Be3 Nd6 40. b6+ Kc6
41. Rd5 Nxf5 42. Rc5+ Kd6 43. Bf2 Nxh6 44. Rc7 Bc6 45. b4 Be4+ 46. Kc1 Nf5 47.
c5+ Ke6 48. b7 Rb8 49. c6 Nd6 50. Ba7 1-0

[Event "Dutch Open 2013"]
[Site "Dieren NED"]
[Date "2013.07.29"]
[Round "6.6"]
[White "Zakhartsov, Viacheslav V."]
[Black "Pijpers, Arthur"]
[Result "1/2-1/2"]
[WhiteTitle "GM"]
[WhiteElo "2560"]
[BlackElo "2338"]
[WhiteFideId "4115333"]
[BlackFideId "1019554"]
[EventDate "2012.07.23"]

1. c4 e5 2. g3 c6 3. d4 Bb4+ 4. Bd2 Bxd2+ 5. Qxd2 d6 6. Nc3 Nf6 7. Bg2 O-O 8. e3
Be6 9. Rd1 Na6 10. b3 exd4 11. Qxd4 Nb4 12. Qd2 Bf5 13. e4 Re8 14. Nge2 Nxe4 15.
Bxe4 Bxe4 16. Nxe4 Rxe4 17. Qxb4 Qe7 18. Rd2 Re8 19. O-O c5 20. Qa3 Rxe2 21.
Rxe2 Qxe2 22. Qxa7 b5 1/2-1/2

[Event "Dutch Open 2013"]
[Site "Dieren NED"]
[Date "2013.07.29"]
[Round "6.8"]
[White "Von Meijenfeldt, Bart"]
[Black "Van Eijk, Sander"]
[Result "0-1"]
[BlackTitle "IM"]
[WhiteElo "2184"]
[BlackElo "2431"]
[WhiteFideId "1032259"]
[BlackFideId "1011510"]
[EventDate "2012.07.23"]

1. e4 c5 2. Nc3 a6 3. Nf3 e6 4. d4 cxd4 5. Nxd4 Qc7 6. Be3 Nf6 7. Qd2 Bb4 8. f3
d5 9. Nde2 dxe4 10. a3 exf3 11. axb4 fxe2 12. Bxe2 O-O 13. Nb5 Qc6 14. O-O Nbd7
15. c4 e5 16. Bf3 e4 17. Be2 Ne5 18. Bd4 Ng6 19. Qc3 Bg4 20. Bxf6 axb5 21. Bxg7
Rxa1 22. Rxa1 Bxe2 23. Bxf8 Nxf8 24. Ra8 Bxc4 25. Qe5 Qb6+ 26. Kh1 Qh6 27. h3
Bd3 28. Re8 Qg7 29. Qf4 h6 30. Rb8 b6 31. h4 Qg6 32. Kg1 Be2 33. Qf2 Bc4 34. Qd4
Qg3 35. Qd8 Qg7 36. Qxb6 Kh7 37. Qf2 Ne6 38. b3 Qa1+ 39. Kh2 Qe5+ 40. g3 Qxb8
41. Qxf7+ Ng7 42. bxc4 bxc4 43. Qxc4 Qe5 44. Kg2 Ne6 45. Kf2 e3+ 46. Ke2 Nd4+
47. Kd3 Kg7 48. Qc8 e2 49. Qd7+ Kf6 50. Qd8+ Kf7 51. Qd7+ Qe7 52. Qxe7+ Kxe7 53.
Kd2 h5 54. b5 Kd6 0-1

[Event "Dutch Open 2013"]
[Site "Dieren NED"]
[Date "2013.07.29"]
[Round "6.9"]
[White "De Jong, Migchiel"]
[Black "Hachijan, Armen"]
[Result "1-0"]
[WhiteTitle "IM"]
[WhiteElo "2345"]
[BlackElo "2214"]
[WhiteFideId "1002848"]
[BlackFideId "1028081"]
[EventDate "2012.07.23"]

1. e4 c5 2. Nf3 e6 3. g3 d6 4. Bg2 Nf6 5. d3 Be7 6. O-O O-O 7. Re1 Nc6 8. c3 Bd7
9. a3 Ne5 10. Nxe5 dxe5 11. Nd2 Qc7 12. a4 a6 13. a5 Bb5 14. Nc4 Rad8 15. Qe2
Nd7 16. f4 exf4 17. Bxf4 e5 18. Be3 Nb8 19. Nb6 Bxd3 20. Qf2 Qc6 21. Nd5 Bd6 22.
b4 c4 23. g4 Nd7 24. g5 f5 25. exf5 e4 26. Nb6 Ne5 27. Qh4 Bc7 28. f6 gxf6 29.
gxf6 Rxf6 30. Kh1 Nf3 31. Qh5 Rg6 32. Bh3 Bxb6 33. axb6 Rd5 34. Bf5 Nxe1 35.
Rxe1 Qf6 36. Bxg6 Rxh5 37. Bxh5 Bf1 38. Rd1 Qh4 39. Rd5 Bh3 40. Rg5+ 1-0

[Event "Dutch Open 2013"]
[Site "Dieren NED"]
[Date "2013.07.30"]
[Round "7.1"]
[White "L'Ami, Erwin"]
[Black "Belkhodja, Slim"]
[Result "1-0"]
[WhiteTitle "GM"]
[BlackTitle "GM"]
[WhiteElo "2640"]
[BlackElo "2432"]
[WhiteFideId "1007998"]
[BlackFideId "600229"]
[EventDate "2012.07.23"]

1. d4 d6 2. c4 e5 3. Nc3 exd4 4. Qxd4 Nc6 5. Qd2 Be6 6. b3 a5 7. Bb2 a4 8. Nd5
axb3 9. axb3 Rxa1+ 10. Bxa1 Bxd5 11. cxd5 Qa8 12. Bc3 Ne5 13. f4 Nd7 14. g4 Be7
15. g5 h6 16. Nf3 hxg5 17. fxg5 Ne5 18. Bg2 Rh5 19. h4 Qa7 20. Bd4 Qa3 21. Qc3
Qa2 22. Kf2 1-0

[Event "Dutch Open 2013"]
[Site "Dieren NED"]
[Date "2013.07.30"]
[Round "7.2"]
[White "Sengupta, Deep"]
[Black "Sethuraman, S.P."]
[Result "1-0"]
[WhiteTitle "GM"]
[BlackTitle "GM"]
[WhiteElo "2555"]
[BlackElo "2562"]
[WhiteFideId "5008352"]
[BlackFideId "5021596"]
[EventDate "2012.07.23"]

1. e4 c5 2. Nf3 Nc6 3. d4 cxd4 4. Nxd4 g6 5. Nc3 Bg7 6. Be3 Nf6 7. Bc4 O-O 8.
Bb3 a6 9. f3 Qc7 10. Qd2 Na5 11. g4 e6 12. O-O-O b5 13. Bh6 Bb7 14. h4 b4 15.
Nce2 Nxb3+ 16. axb3 Bxh6 17. Qxh6 Qe5 18. Rhg1 a5 19. Kb1 a4 20. bxa4 Rxa4 21.
Nb3 Qb5 22. Qg5 Qa6 23. Qxf6 Ra8 24. c4 d5 25. h5 Qxc4 26. hxg6 fxg6 27. Qxe6+
Kf8 28. Qf6+ Kg8 29. Nec1 R4a6 30. Qd4 Rc8 31. Rg2 Qb5 32. exd5 Rd6 33. Qe5 Rxd5
34. Qe6+ Kg7 35. Rxd5 Qxd5 36. Qe7+ Kg8 37. Rh2 h5 38. Rd2 Qxf3 39. Rd8+ Rxd8
40. Qxd8+ Qf8 41. Qd3 Qf7 42. gxh5 gxh5 43. Nc5 Bd5 44. Qd4 Qf5+ 45. Ka1 Bf7 46.
N5d3 b3 47. Qb4 Qf1 48. Qb8+ Kg7 49. Qc7 Kg8 50. Qc8+ Kg7 51. Ne5 Be6 52. Qc7+
Kh6 53. Qc6 Kg7 54. Qc3 Kg8 55. Qg3+ Kf8 56. Qg5 Qf5 57. Qh6+ Ke8 58. Ned3 Qa5+
59. Kb1 Qf5 60. Qh8+ Kf7 61. Qd4 Qf1 62. Qa7+ Kg8 63. Qb6 Bf7 64. Qd8+ Kg7 65.
Qd7 Qd1 66. Qd4+ Kg8 67. Qd8+ Kg7 68. Qc7 Kg8 69. Ne5 Be6 70. Ka1 Qd5 71. Ned3
Qa8+ 72. Kb1 Qd5 73. Qb8+ Kh7 74. Qa7+ Kg8 75. Ka1 Bf7 76. Nc5 Qd1 77. Qb8+ Kh7
78. Qf4 Kg8 79. Qg5+ Kf8 80. Qh6+ Ke7 81. Qe3+ Kf8 82. Qc3 Ke7 83. Ne4 Qf1 84.
Qc5+ Kd8 85. Qd6+ Kc8 86. Qc6+ Kd8 87. Nd6 Bd5 88. Qc8+ Ke7 89. Nf5+ Kf6 90. Ne3
Qh1 91. Qc3+ Kg6 92. Nxd5 Qxd5 93. Nxb3 h4 94. Nd4 Qh1+ 95. Ka2 h3 96. Qg3+ Kh5
97. Nf3 Qg2 98. Qh4+ Kg6 99. Qf4 Kh5 100. Ka3 Qg4 101. Qf7+ Kh6 102. b4 Qg3 103.
Ka4 h2 104. Qf6+ Kh7 105. Qf7+ Kh6 106. Qf6+ Kh7 107. Ng5+ Qxg5 108. Qxg5 h1=Q
109. Qf5+ Kg7 110. b5 Qa1+ 111. Kb4 Qd4+ 112. Kb3 Qd1+ 113. Kc4 Qa4+ 114. Kc5
Qa7+ 115. Kd5 Qb7+ 116. Kd4 Qa7+ 117. Qc5 Qd7+ 118. Kc4 Qe6+ 119. Qd5 Qe2+ 120.
Kc5 Kh6 121. Kd6 Qf2 122. Kc7 Qa7+ 123. Kc6 Qa8+ 124. Kc5 Qa3+ 125. Kb6 Qe7 126.
Qc6+ Kh5 1-0

[Event "Dutch Open 2013"]
[Site "Dieren NED"]
[Date "2013.07.30"]
[Round "7.3"]
[White "Van Foreest, Jorden"]
[Black "Greenfeld, Alon"]
[Result "0-1"]
[BlackTitle "GM"]
[WhiteElo "2276"]
[BlackElo "2561"]
[WhiteFideId "1039784"]
[BlackFideId "2800039"]
[EventDate "2012.07.23"]

1. e4 e5 2. Nf3 Nc6 3. Bc4 Nf6 4. d3 Bc5 5. c3 a6 6. Bb3 d6 7. h3 Ba7 8. Nbd2
O-O 9. Nf1 Nh5 10. Bg5 Qe8 11. Ne3 Be6 12. Nd5 Rc8 13. g4 Nf4 14. Bxf4 Bxd5 15.
Bxd5 exf4 16. Qd2 Ne7 17. Bxb7 Rb8 18. Bxa6 d5 19. d4 dxe4 20. Ne5 f6 21. Bc4+
Kh8 22. Nf7+ Rxf7 23. Bxf7 Qxf7 24. Qxf4 Nd5 25. Qd2 e3 26. fxe3 Nxe3 27. Rh2 c5
28. b3 Qc7 29. d5 Qe5 30. Re2 Qg3+ 31. Rf2 Re8 32. Qe2 Qg1+ 0-1

[Event "Dutch Open 2013"]
[Site "Dieren NED"]
[Date "2013.07.30"]
[Round "7.4"]
[White "De Jong, Migchiel"]
[Black "Zakhartsov, Viacheslav V."]
[Result "0-1"]
[WhiteTitle "IM"]
[BlackTitle "GM"]
[WhiteElo "2345"]
[BlackElo "2560"]
[WhiteFideId "1002848"]
[BlackFideId "4115333"]
[EventDate "2012.07.23"]

1. e4 c5 2. Nf3 d6 3. c3 Nf6 4. h3 Nc6 5. Bd3 d5 6. e5 Nd7 7. Bb5 Qb6 8. Ba4 c4
9. d4 cxd3 10. O-O g6 11. Re1 Bg7 12. Qxd3 Nc5 13. Qd1 Nxa4 14. Qxa4 Bf5 15. Nd4
Bd3 16. Nxc6 bxc6 17. Be3 Qc7 18. Bc5 O-O 19. Qd4 Be4 20. Nd2 Bxe5 21. Qb4 a5
22. Qa3 f5 23. Bxe7 Rfe8 24. Bc5 Bh2+ 25. Kh1 Bf4 26. Nf1 Qd8 27. f3 Bd3 28. Qa4
Qc7 29. Qd4 Bxf1 30. Rxe8+ Rxe8 31. Rxf1 Be3 32. Re1 Bxd4 33. Rxe8+ Kf7 34. Rf8+
Kg7 35. cxd4 Qf4 36. Ra8 Qc1+ 37. Kh2 Qf4+ 38. Kh1 g5 39. Ra7+ Kg6 40. Ra6 h5
41. Rxc6+ Kf7 42. Bb6 g4 43. Rc7+ Ke6 44. Rc6+ Kd7 45. Rc7+ Kd6 46. Rc3 Qd2 47.
Bc7+ Kd7 48. Be5 gxh3 49. gxh3 Qxb2 50. Rc7+ Kd8 51. a4 Qe2 52. Rg7 Qxf3+ 53.
Kh2 f4 54. Bc7+ Kc8 55. Bxa5 Qf2+ 56. Rg2 Qxd4 57. Rc2+ Kd7 58. Rd2 Qc5 0-1

[Event "Dutch Open 2013"]
[Site "Dieren NED"]
[Date "2013.07.30"]
[Round "7.5"]
[White "Zakhartsov, Vladimir"]
[Black "Pruijssers, Roeland"]
[Result "1/2-1/2"]
[BlackTitle "GM"]
[WhiteElo "2324"]
[BlackElo "2549"]
[WhiteFideId "4145097"]
[BlackFideId "1013068"]
[EventDate "2012.07.23"]

1. e4 e5 2. Nf3 Nc6 3. Bb5 f5 4. Nc3 Nf6 5. Qe2 fxe4 6. Nxe4 d5 7. Ng3 Bd6 8.
Nxe5 O-O 9. Bxc6 bxc6 10. d4 c5 11. O-O cxd4 12. Nc6 Qd7 13. Nxd4 c5 14. Ndf5
Bxg3 15. Nxg3 Bb7 16. Bg5 Rae8 17. Qd2 Ng4 18. Rae1 Rxe1 19. Rxe1 Rxf2 20. Re2
Rxe2 1/2-1/2

[Event "Dutch Open 2013"]
[Site "Dieren NED"]
[Date "2013.07.30"]
[Round "7.6"]
[White "Van Eijk, Sander"]
[Black "Wempe, Joost"]
[Result "1-0"]
[WhiteTitle "IM"]
[WhiteElo "2431"]
[BlackElo "2271"]
[WhiteFideId "1011510"]
[BlackFideId "1005502"]
[EventDate "2012.07.23"]

1. e4 e6 2. d4 d5 3. Nd2 Nf6 4. e5 Nfd7 5. c3 c5 6. Bd3 Nc6 7. Ne2 cxd4 8. cxd4
f6 9. exf6 Nxf6 10. Nf3 Bd6 11. O-O Qc7 12. Bg5 O-O 13. Rc1 Bd7 14. Bb1 Qb6 15.
Rc3 Be8 16. Bf4 Bb4 17. Re3 Ng4 18. Rxe6 Bf7 19. Bxh7+ Kh8 20. Bf5 Bxe6 21. Bxe6
Nh6 22. Qb1 Be7 23. Bxd5 Rad8 24. Bxc6 bxc6 25. Ne5 Rf6 26. Bxh6 Rxh6 27. Nf7+
Kg8 28. Nxh6+ 1-0

[Event "Dutch Open 2013"]
[Site "Dieren NED"]
[Date "2013.07.30"]
[Round "7.8"]
[White "Lentjes, Noud"]
[Black "Akshat, Khamparia"]
[Result "0-1"]
[BlackTitle "IM"]
[WhiteElo "1995"]
[BlackElo "2354"]
[WhiteFideId "1029827"]
[BlackFideId "5016541"]
[EventDate "2012.07.23"]

1. e4 c5 2. Nf3 Nc6 3. d4 cxd4 4. Nxd4 g6 5. Nc3 Bg7 6. Be3 Nf6 7. Bc4 O-O 8.
Bb3 e6 9. Qf3 d5 10. O-O-O e5 11. Nxd5 Nxd4 12. Rxd4 exd4 13. Bg5 Qd6 14. Bxf6
Bxf6 15. Nxf6+ Kh8 16. h4 Be6 17. h5 g5 18. g3 Rac8 19. Rd1 h6 20. Nd5 Qe5 21.
Qd3 Bg4 22. f3 Bxh5 23. f4 Qg7 24. Rh1 Bg4 25. f5 Rce8 26. f6 Qg6 27. Qxd4 Rxe4
28. Ne7 Qh7 29. Qd3 h5 30. Qd6 Qh6 31. Nf5 Bxf5 32. Rxh5 Re1+ 33. Kd2 Rd1+ 0-1

[Event "Dutch Open 2013"]
[Site "Dieren NED"]
[Date "2013.07.30"]
[Round "7.9"]
[White "Hendriks, Willy"]
[Black "Kollen, Zyon"]
[Result "1/2-1/2"]
[WhiteTitle "IM"]
[WhiteElo "2417"]
[BlackElo "2209"]
[WhiteFideId "1000713"]
[BlackFideId "1024256"]
[EventDate "2012.07.23"]

1. e4 e6 2. d4 d5 3. e5 c5 4. c3 Qb6 5. Nf3 Nc6 6. a3 c4 7. Nbd2 Na5 8. Be2 Bd7
9. O-O O-O-O 10. Rb1 Qc7 11. Re1 h6 12. h4 Ne7 13. Qc2 Kb8 14. Bd1 Nc8 15. Nf1
Nb6 16. Qe2 Ba4 17. h5 Bxd1 18. Qxd1 Nb3 19. Be3 Be7 20. N3h2 Qd7 21. Qf3 Rdf8
22. Qh3 Ka8 23. Kh1 Na5 24. Bf4 Qb5 25. Bg3 Na4 26. Bh4 Nc6 27. Bxe7 Nxe7 28.
Ne3 Qd7 29. Rf1 Rc8 30. Qg4 Rhg8 31. Qe2 Rc6 32. Rbc1 Qe8 33. Rc2 f5 34. exf6
gxf6 35. Neg4 Qf8 36. Qf3 Nf5 37. Re1 a6 38. Ne3 Rg5 39. Nxf5 Rxf5 40. Qh3 Qf7
41. g4 Rg5 42. f4 Rg8 43. Nf3 Rb6 44. Ree2 Qc7 45. Qg3 Qh7 46. Kh2 f5 47. g5
hxg5 48. Nxg5 Qxh5+ 49. Qh3 Qe8 50. Kg1 Rh8 51. Qf3 Ka7 52. Rg2 Rh4 53. Rce2 Qh8
54. Rgf2 Rg4+ 55. Kf1 Qg8 56. Qe3 Qh8 57. Qf3 Qg8 1/2-1/2

[Event "Dutch Open 2013"]
[Site "Dieren NED"]
[Date "2013.07.30"]
[Round "7.10"]
[White "Pijpers, Arthur"]
[Black "Dijkhuis, Tycho"]
[Result "1/2-1/2"]
[WhiteElo "2338"]
[BlackElo "2152"]
[WhiteFideId "1019554"]
[BlackFideId "1036564"]
[EventDate "2012.07.23"]

1. e4 c5 2. Nf3 d6 3. d4 cxd4 4. Nxd4 Nf6 5. Nc3 a6 6. Bg5 Nbd7 7. Bc4 Qb6 8.
Bb3 e6 9. Qd2 Be7 10. f3 Nc5 11. O-O-O Qc7 12. g4 b5 13. a3 Rb8 14. Kb1 h6 15.
Be3 Bd7 16. h4 a5 17. g5 Nh5 18. gxh6 g6 19. Bg5 b4 20. axb4 Rxb4 21. Bxe7 Kxe7
22. Qg5+ Ke8 23. Nf5 gxf5 24. h7 Rxh7 25. Qg8+ Ke7 26. Qxh7 Nf6 27. Qh6 a4 28.
Ba2 a3 29. Qd2 Rxb2+ 30. Ka1 Na4 31. e5 dxe5 32. Nxa4 Bxa4 33. Qe3 Rxa2+ 34.
Kxa2 Qxc2+ 35. Kxa3 Bc6 36. Rd2 Qa4+ 37. Kb2 Qb4+ 38. Kc1 Nd5 39. Qxe5 Qa3+ 40.
Qb2 Qxf3 41. Rhd1 f4 42. Rd3 Qe4 43. h5 Qc4+ 44. Kb1 Nb4 45. Qc3 Qb5 46. Rd4
Nd5+ 47. Qb2 Nc3+ 48. Kc2 Qxb2+ 49. Kxb2 Nxd1+ 50. Rxd1 Kf6 51. Rg1 f3 52. h6 f2
53. Rf1 Kg6 54. Rxf2 Kxh6 55. Rxf7 1/2-1/2

[Event "Dutch Open 2013"]
[Site "Dieren NED"]
[Date "2013.07.31"]
[Round "8.1"]
[White "Sengupta, Deep"]
[Black "L'Ami, Erwin"]
[Result "1/2-1/2"]
[WhiteTitle "GM"]
[BlackTitle "GM"]
[WhiteElo "2555"]
[BlackElo "2640"]
[WhiteFideId "5008352"]
[BlackFideId "1007998"]
[EventDate "2012.07.23"]

1. e4 e5 2. Nf3 Nc6 3. d4 exd4 4. Nxd4 Bc5 5. Nb3 Bb6 6. Nc3 Nf6 7. Qe2 O-O 8.
Bg5 Nd4 9. Qd2 Nxb3 10. axb3 h6 11. Bf4 Re8 12. O-O-O Nxe4 13. Nxe4 Rxe4 14. Bd3
Re6 15. Bc4 Rf6 16. Bg3 c6 17. Be5 d5 18. Bxf6 Qxf6 19. Bd3 Qxf2 20. Rde1 Qxd2+
21. Kxd2 Be6 22. Rhf1 Rd8 23. Bf5 Rd6 24. c3 Bd8 25. Rf3 Bf6 26. Kc2 a6 27. g4
Kf8 28. c4 dxc4 29. Bxe6 fxe6 30. Rd1 Rxd1 31. Kxd1 cxb3 32. Rxb3 b5 33. Ra3 Ke7
34. Kc2 Kd6 35. Rxa6 e5 36. b3 e4 37. Ra7 c5 38. Rb7 Kc6 39. Rb8 b4 40. Kd2 Kd5
41. Rb7 Bc3+ 42. Ke3 Bd4+ 43. Ke2 Ke6 44. Rb8 Ke5 45. Rf8 Bg1 46. h4 Bd4 47.
Rf5+ Ke6 48. h5 Kd6 49. Rf4 Ke5 50. Rf5+ Kd6 51. Rf4 1/2-1/2

[Event "Dutch Open 2013"]
[Site "Dieren NED"]
[Date "2013.07.31"]
[Round "8.2"]
[White "Zakhartsov, Viacheslav V."]
[Black "Greenfeld, Alon"]
[Result "1/2-1/2"]
[WhiteTitle "GM"]
[BlackTitle "GM"]
[WhiteElo "2560"]
[BlackElo "2561"]
[WhiteFideId "4115333"]
[BlackFideId "2800039"]
[EventDate "2012.07.23"]

1. d4 e6 2. e4 d5 3. Nc3 Nf6 4. e5 Nfd7 5. f4 c5 6. Nf3 Nc6 7. Be3 cxd4 8. Nxd4
Qb6 9. Qd2 Qxb2 10. Rb1 Qa3 11. Bb5 Nxd4 12. Bxd4 a6 13. Bxd7+ Bxd7 14. Rb3 Qe7
15. Rxb7 Qh4+ 16. Bf2 Qd8 17. Bb6 Qc8 18. Rc7 Qd8 19. Qd4 Ba3 20. O-O O-O 21. f5
Rc8 22. Rxc8 Qxc8 23. f6 Qc4 24. Qxc4 dxc4 25. Rd1 Bc6 26. Rd4 Rb8 27. Ba7 Ra8
28. Bb6 Rb8 29. Ba7 Ra8 30. Bb6 1/2-1/2

[Event "Dutch Open 2013"]
[Site "Dieren NED"]
[Date "2013.07.31"]
[Round "8.3"]
[White "Belkhodja, Slim"]
[Black "Goudriaan, Etienne"]
[Result "1/2-1/2"]
[WhiteTitle "GM"]
[BlackTitle "FM"]
[WhiteElo "2432"]
[BlackElo "2369"]
[WhiteFideId "600229"]
[BlackFideId "1021150"]
[EventDate "2012.07.23"]

1. e4 c5 2. Nf3 d6 3. d4 cxd4 4. Nxd4 Nf6 5. Nc3 a6 6. f4 e5 7. Nf3 Nbd7 8. Bc4
Be7 9. a4 O-O 10. O-O exf4 11. Kh1 Ne5 12. Bb3 Ng6 13. Nd4 Bg4 14. Qe1 Nh5 15.
Nf5 Bf6 16. Nd5 Re8 17. Qb4 Be5 18. Bd2 a5 19. Qb6 Bxb2 20. Qxd8 Rexd8 21. Rab1
Be5 22. Nb6 Ra6 23. Bc4 Ra7 24. Rb5 Nf6 25. Bd3 Nd7 26. Nxd7 Rxd7 27. Bxa5 Ne7
28. Nxe7+ Rxe7 29. Bd8 Rd7 30. Bg5 Rxa4 31. h3 Be6 32. Bxf4 Bxf4 33. Rxf4 Kf8
34. Rf1 Bc4 35. Rb6 Bxd3 36. cxd3 Ra3 37. Rf3 Ke7 38. Kh2 Ra2 39. Rb5 Re2 40.
Rbf5 Ke8 41. Rh5 h6 42. Rg3 Kf8 43. Rb5 g6 44. Rf3 Rc7 45. Rf1 Rcc2 46. Rg1 Rcd2
47. Rxb7 Rxd3 48. Rf1 Rdd2 49. Rfxf7+ Ke8 50. Rbe7+ Kd8 51. Rd7+ Ke8 52. Rde7+
Kd8 1/2-1/2

[Event "Dutch Open 2013"]
[Site "Dieren NED"]
[Date "2013.07.31"]
[Round "8.4"]
[White "Van Eijk, Sander"]
[Black "Akshat, Khamparia"]
[Result "0-1"]
[WhiteTitle "IM"]
[BlackTitle "IM"]
[WhiteElo "2431"]
[BlackElo "2354"]
[WhiteFideId "1011510"]
[BlackFideId "5016541"]
[EventDate "2012.07.23"]

1. e4 c5 2. Nf3 Nc6 3. d4 cxd4 4. Nxd4 g6 5. Nc3 Bg7 6. Nde2 Nf6 7. g3 b5 8. Bg2
Rb8 9. O-O O-O 10. h3 d6 11. Be3 a6 12. Rc1 Bb7 13. b3 e6 14. g4 b4 15. Na4 d5
16. Bb6 Qc8 17. exd5 Nxd5 18. Qd3 Ne5 19. Qg3 Nxb6 20. Nxb6 Qc7 21. Na4 Rfd8 22.
f4 Bxg2 23. Qxg2 Nc6 24. Ng3 Ne7 25. Rce1 Nd5 26. Qe4 Rbc8 27. Re2 a5 28. Kg2
Bh6 29. g5 Bg7 30. h4 Ne7 31. Ref2 Rd4 32. Qe1 Nd5 33. Qc1 e5 34. fxe5 Bxe5 35.
Rxf7 Qxf7 36. Rxf7 Kxf7 37. Nf1 Rxh4 38. Qd1 Ke6 39. Nb2 Rxc2+ 40. Qxc2 Rh2+ 41.
Nxh2 Ne3+ 42. Kh3 Nxc2 43. Nc4 Bc7 44. Nf3 Kd5 45. Kg4 Ke4 46. Nfd2+ Kd3 47. Kf3
Na3 48. Nxa3 Kxd2 49. Nc4+ Kd3 50. Ne3 Bd8 51. Nc4 Kc3 52. Ke2 a4 53. Nd2 axb3
54. axb3 Kc2 55. Ne4 Kxb3 56. Kd3 Bxg5 57. Nxg5 Ka2 58. Ne4 b3 59. Nc3+ Ka1 0-1

[Event "Dutch Open 2013"]
[Site "Dieren NED"]
[Date "2013.07.31"]
[Round "8.5"]
[White "Sethuraman, S.P."]
[Black "Pruijssers, Roeland"]
[Result "1/2-1/2"]
[WhiteTitle "GM"]
[BlackTitle "GM"]
[WhiteElo "2562"]
[BlackElo "2549"]
[WhiteFideId "5021596"]
[BlackFideId "1013068"]
[EventDate "2012.07.23"]

1. d4 f5 2. Nf3 Nf6 3. g3 g6 4. Bg2 Bg7 5. O-O O-O 6. b3 d6 7. Bb2 Ne4 8. Nbd2
Nc6 9. Ne1 d5 10. Ndf3 f4 11. c4 Be6 12. Nd3 fxg3 13. hxg3 dxc4 14. bxc4 Bxc4
15. Nf4 e6 16. Qc2 Bd5 17. Ne5 Nb4 18. Qa4 a5 19. Nxd5 exd5 20. a3 Bxe5 21. dxe5
Na6 22. Qd4 c6 23. Rad1 Nac5 24. e6 Qf6 25. e7 Rf7 26. f3 Ne6 27. Qb6 Nc3 28.
Qxb7 Re8 29. Qxc6 Nxe2+ 30. Kh2 Qxe7 31. Rxd5 N6f4 32. Re5 Qxe5 33. Bxe5 Rxe5
34. gxf4 Rh5+ 35. Bh3 Nxf4 36. Re1 Rxh3+ 37. Kg1 Rg3+ 38. Kf2 Rg5 39. Re4 Rgf5
40. Rd4 Nh3+ 41. Kg3 Nf4 42. Kf2 Nh3+ 43. Kg3 Nf4 44. Rd8+ Kg7 45. Qc3+ Kh6 46.
Qe3 Rg5+ 47. Kf2 Kg7 48. Kf1 Rh5 49. Ra8 Kh6 50. Rc8 Rh1+ 51. Kf2 Rh2+ 52. Kg1
Re2 53. Qc1 Rf5 54. Rc4 Rg5+ 55. Kf1 Rf2+ 56. Kxf2 Nd3+ 57. Ke3 Nxc1 58. Rxc1
Rb5 59. Rc3 Kg5 60. Kf2 Kh4 61. Rc4+ Kh3 62. a4 Rd5 63. Rc1 Rd2+ 64. Ke3 Ra2 65.
Rh1+ Kg2 66. Rxh7 Ra3+ 67. Ke2 Rxf3 68. Rb7 g5 69. Rb5 g4 70. Rxa5 Ra3 71. Ra8
g3 72. a5 Ra2+ 73. Kd3 Kf1 74. Kc4 Ra4+ 75. Kb5 Rg4 76. Rc8 Rg5+ 77. Kb6 g2 78.
Rc1+ Kf2 79. a6 g1=Q 1/2-1/2

[Event "Dutch Open 2013"]
[Site "Dieren NED"]
[Date "2013.07.31"]
[Round "8.6"]
[White "Van Foreest, Jorden"]
[Black "Zakhartsov, Vladimir"]
[Result "1/2-1/2"]
[WhiteElo "2276"]
[BlackElo "2324"]
[WhiteFideId "1039784"]
[BlackFideId "4145097"]
[EventDate "2012.07.23"]

1. c4 Nf6 2. g3 e5 3. Bg2 c6 4. d4 Bb4+ 5. Bd2 Bxd2+ 6. Qxd2 d6 7. Nc3 O-O 8. e3
Be6 9. b3 exd4 10. Qxd4 d5 11. cxd5 cxd5 12. Nge2 Nc6 13. Qd2 Rc8 14. O-O Qa5
15. Rfd1 Rfd8 16. Rac1 Bg4 17. h3 Bxe2 18. Nxe2 Qb6 19. Qb2 Nb4 20. Rxc8 Rxc8
21. a3 Rc2 22. Qd4 Qa6 23. axb4 Qxe2 24. e4 Ne8 25. exd5 Nd6 26. Bf1 Qf3 27. Rd3
Qf6 28. Qxa7 g6 29. Bg2 Kg7 30. Qe3 Qa1+ 31. Kh2 Qb2 32. Kg1 Qa1+ 33. Kh2 Qb2 1/2-1/2